000 00532nam a2200145Ia 4500
008 100204s9999 xx 000 0 und d
082 _b6909
100 _a"राष्ट्रीय चरित्रमाला, पुणे"
245 _aलोकमान्य टिळक
260 _b"राष्ट्रीय चरित्रमाला , पुणे"
_c1983
300 _a56
630 _aलोकमान्य टिळक
730 _aलोकमान्य टिळक
942 _cBOOK
999 _c451347
_d451344